|
|
|
|
| LEADER |
00000nab a2200000 a 4500 |
| 001 |
vtls000360496 |
| 003 |
SK-MaSNL |
| 005 |
20260304213128.0 |
| 008 |
140301c1989 xo 0 slo |
| 015 |
|
|
|a SNBRB19rr/mm-uuuuu
|
| 035 |
|
|
|a CL0360618
|
| 040 |
|
|
|a SNKBUCL
|b slo
|c SNKBUCL
|e AACR2
|
| 041 |
0 |
|
|a slo
|
| 044 |
|
|
|a xo
|c SK
|
| 080 |
|
|
|a 027.5+027.64(437.6):061.3
|2 1981
|
| 080 |
|
|
|a 027.64(437.6)
|2 1981
|
| 080 |
|
|
|a 061.3
|2 1981
|
| 080 |
|
|
|a 021.64
|2 1981
|
| 080 |
|
|
|a 027.64
|2 1981
|
| 100 |
1 |
|
|a Galátová, Irena
|4 aut
|9 672455
|
| 245 |
1 |
0 |
|a Súčasný stav a perspektívy kooperácie odborárskych a ľudových knižníc z aspektu dohody o spolupráci medzi Slovenskou odborovou radou a Ministerstvom kultúry SSR
|c Irena Galátová
|
| 650 |
0 |
7 |
|a ľudové knižnice
|2 snkbucl
|9 256791
|
| 650 |
0 |
7 |
|a odborárske knižnice
|2 snkbucl
|9 124420
|
| 650 |
0 |
7 |
|a spolupráca knižničná
|2 snkbucl
|9 929161
|
| 655 |
|
7 |
|a články z novín a časopisov
|2 snkbucl
|9 267496
|
| 655 |
|
7 |
|a články z odboru knihovníctvo
|2 snkbucl
|9 166141
|
| 773 |
0 |
|
|t Odborárska knižnica
|g Č. 11 (1989), s. 8-16
|
| 850 |
|
|
|a Slovenská národná knižnica v Martine
|a MTA001
|
| 852 |
|
|
|a SNK
|b KIS3GCP
|
| 958 |
|
|
|a RK
|
| 958 |
|
|
|a KL
|
| 992 |
|
|
|a RBX
|
| 999 |
|
|
|c 3134539
|d 3136469
|